Buletin teknologi makanan. (Record no. 23699)

MARC details
000 -LEADER
fixed length control field 00885nam a2200217#a 4500
001 - CONTROL NUMBER
control field 02139
003 - CONTROL NUMBER IDENTIFIER
control field HDC
007 - PHYSICAL DESCRIPTION FIXED FIELD--GENERAL INFORMATION
fixed length control field ta
008 - FIXED-LENGTH DATA ELEMENTS--GENERAL INFORMATION
fixed length control field 230623s2005 xx 000 0 eng d
020 ## - INTERNATIONAL STANDARD BOOK NUMBER
International Standard Book Number 1823-2701 (pbk).
040 ## - CATALOGING SOURCE
Original cataloging agency HDC
050 ## - LIBRARY OF CONGRESS CALL NUMBER
Classification number jrn SF221
Item number .B85 2006 Bil. 3
245 #0 - TITLE STATEMENT
Title Buletin teknologi makanan.
264 ## - PRODUCTION, PUBLICATION, DISTRIBUTION, MANUFACTURE, AND COPYRIGHT NOTICE
Place of production, publication, distribution, manufacture Kuala Lumpur :
Name of producer, publisher, distributor, manufacturer MARDI,
Date of production, publication, distribution, manufacture, or copyright notice 2005-
300 ## - PHYSICAL DESCRIPTION
Extent v. :
Other physical details ill. ;
Dimensions 25 cm.
505 ## - FORMATTED CONTENTS NOTE
Formatted contents note "Bil. 1(2005) : Tepung campuran dan kuih tradisional berasaskan ubi keledek -- Bil. 2(2005) : Teknologi baru mencucuk sate. Bil. 3(2006) : Pemprosesan sashimi daripada ikan haruan. Bil. 4(2007) : Beras peraman merah, alternatif pewarna semula jadi hasil proses fermentasi beras dengan fungus monascus purpureus. -- Bil. 5(2008) : Hidangan kebab ikan keli dan kebab ikan sejuk beku."
942 ## - ADDED ENTRY ELEMENTS (KOHA)
Source of classification or shelving scheme Library of Congress Classification
942 ## - ADDED ENTRY ELEMENTS (KOHA)
Koha item type Book
942 ## - ADDED ENTRY ELEMENTS (KOHA)
Call number prefix jrn SF221
942 ## - ADDED ENTRY ELEMENTS (KOHA)
Call number suffix .B85 2006 Bil. 3
Holdings
Withdrawn status Lost status Source of classification or shelving scheme Damaged status Not for loan Collection Home library Current library Shelving location Date acquired Total checkouts Full call number Date last seen Price effective from Koha item type
    Library of Congress Classification     Non-fiction Halal Development Corporation Library Halal Development Corporation Library Reference 17/11/2020   jrn SF221 .B85 2006 Bil. 3 24/05/2023 24/05/2023 Book
Halal Development Corporation Berhad (HDC)
5.02 Level 5, KPMG Tower, First Avenue, Persiaran Bandar Utama, 47800 Petaling Jaya, Selangor Darul Ehsan
Phone: +603 7965 5489 Email: [email protected]